LEADER 00960nam a2200241 i 4500 001 991002810009707536 008 150715s19930000fr a 000 0 fredd 020 $a2853946657 035 $ab14235717-39ule_inst 082 0 $a516 084 $aAMS 51-01 100 1 $aTrignan, Jean$012704 245 13$aLa géométrie des nombres complexes :$bexercices d'entraînement résolus : licence, maîtrise, capes, agrégation / par Jean Trignan 260 $aRosny-sous-Bois :$bBréal,$c1993 300 $a200 p. :$bill. ;$c24 cm 650 0$aGeometry$xProblems, exercises, etc. 650 0$aNumbers, Complex$xProblems, exercises, etc. 907 $a.b14235717$b02-11-15$c15-07-15 912 $a991002810009707536 945 $aLE013 51-XX TRI11 (1993)$g1$i2013000226989$lle013$og$pE36.00$q-$rl$s- $t0$u0$v0$w0$x0$y.i15702492$z02-11-15 996 $aGéométrie des nombres complexes$9255548 997 $aUNISALENTO 998 $ale013$b15-07-15$cm$da $e-$ffre$gfr $h3$i0 LEADER 01131nam0 22002771i 450 001 UON00412156 005 20231205104745.344 100 $a20121019d1963 |0itac50 ba 101 $ager 102 $aDE 105 $a|||| ||||| 200 1 $aˆDas ‰Faustbuch nach der Wolfenbüttler Handschrift$fherausgegeben von H. G. Haile 210 $a[Berlin]$cErich Schmidt Verlag$dc1963 215 $a180 p.$d21 cm. 410 1$1001UON00175371$12001 $aPhilologische Studien und Quellen$1210 $aBerlin$cSchmidt.$v14 606 $aLetteratura tedesca antica$3UONC078793$2FI 620 $aDE$dBerlin$3UONL003157 676 $a830.3$cLetteratura tedesca. 1350-1517$v21 702 1$aHAILE$bH. G.$3UONV210760 712 $aSchmidt$3UONV266260$4650 801 $aIT$bSOL$c20251003$gRICA 899 $aSIBA - SISTEMA BIBLIOTECARIO DI ATENEO$2UONSI 912 $aUON00412156 950 $aSIBA - SISTEMA BIBLIOTECARIO DI ATENEO$dSI TED 19 I HAI 1 $eSI ST 1555 5 1 $sBuono 996 $aFaustbuch nach der Wolfenbüttler Handschrift$91343556 997 $aUNIOR